| 000 | 00312 a2200133 4500 | ||
|---|---|---|---|
| 001 | 92057 | ||
| 082 | _a891.4393 BEE | ||
| 090 |
_c44017 _d44016 |
||
| 100 | _aBeena Aalia Tawana | ||
| 245 | _aThori se bewafaye | ||
| 260 |
_aLahore _bAbdullah Academy _c2013 |
||
| 300 |
_a408p. _bHb |
||
| 500 | _aGeneral Book | ||
| 942 |
_aCAE NUST _k891.4393 BEE |
||
| 999 |
_c327130 _d327130 |
||